[Event "Savigliano op"]
[Site "Savigliano"]
[Date "2009.05.31"]
[Round "5"]
[White "Sorcinelli, Francesco"]
[Black "Blengino, Luca"]
[Result "1-0"]
[WhiteElo "2116"]
[BlackElo "1894"]
[PlyCount "60"]
[EventDate "2009.05.28"]
[EventType "swiss"]
[EventRounds "6"]
[EventCountry "ITA"]
[SourceTitle "CBM 130 Extra"]
[Source "ChessBase"]
[SourceDate "2009.07.02"]
[SourceVersion "2"]
[SourceVersionDate "2009.07.15"]
[SourceQuality "1"]

1. e4 c5 2. Nc3 Nc6 3. Nge2 g6 4. d4 cxd4 5. Nxd4 Bg7 6. Be3 d6 7. Qd2 Nf6 8. f3 0-0 9. 0-0-0 d5 10. exd5 Nxd5 11. Nxc6 bxc6 12. Bd4 Bxd4 13. Qxd4 Qc7 14. h4 h5 15. Nxd5 cxd5 16. Qd2 Bf5 17. Bd3 Bxd3 18. Qxd3 Qf4+ 19. Kb1 Rfd8 20. Rde1 Rab8 21. b3 e6 22. g4 hxg4 23. fxg4 Rb4 24. h5 g5 25. h6 Qd4 26. Qg3 Qf4 27. Qc3 Rd4 28. h7+ Kg7 29. Ref1 Qe5 30. Qh3 Qf4 1-0

[Event "Crema op 10th"]
[Site "Crema"]
[Date "2008.09.07"]
[Round "5"]
[White "Blengino, Luca"]
[Black "Annoni, Riccardo"]
[Result "0-1"]
[WhiteElo "1890"]
[BlackElo "2068"]
[PlyCount "104"]
[EventDate "2008.09.05"]
[EventType "swiss"]
[EventRounds "6"]
[EventCountry "ITA"]
[SourceTitle "EXT 2011"]
[Source "ChessBase"]
[SourceDate "2010.11.26"]
[SourceVersion "1"]
[SourceVersionDate "2010.11.26"]
[SourceQuality "1"]

1. d4 d5 2. Nf3 Nf6 3. c4 e6 4. Nc3 c6 5. cxd5 exd5 6. Bg5 Nbd7 7. e3 Bb4 8. Bd3 0-0 9. a3 Bxc3+ 10. bxc3 Qa5 11. Qc2 h6 12. Bh4 Re8 13. Nd2 Qc7 14. 0-0 b6 15. e4 dxe4 16. Nxe4 Nxe4 17. Bxe4 Ba6 18. Rfe1 Rac8 19. Bf5 Bc4 20. h3 Ra8 21. Rad1 Nf8 22. Bg3 Qd8 23. Be4 Qd7 24. f4 Bd5 25. Bxd5 Qxd5 26. Re5 Rxe5 27. fxe5 b5 28. Rb1 Ne6 29. Qd3 a6 30. Qf3 Qxf3 31. gxf3 Nc7 32. c4 Rd8 33. Rc1 Ne6 34. cxb5 Nxd4 35. Kf2 cxb5 36. Rd1 Kf8 37. Bh4 g5 38. Bg3 Ke7 39. h4 Nf5 40. Rxd8 Kxd8 41. hxg5 hxg5 42. Bh2 Kd7 43. Ke2 Nd4+ 44. Kd3 Nxf3 45. Bg3 Ke6 46. Kc3 Nxe5 47. Kb4 f5 48. Ka5 f4 49. Bf2 Nc4+ 50. Kxa6 Nxa3 51. Ka5 g4 52. Kb4 g3 0-1

[Event "Crema op 10th"]
[Site "Crema"]
[Date "2008.09.07"]
[Round "6"]
[White "Bonassi, Tommaso"]
[Black "Blengino, Luca"]
[Result "1/2-1/2"]
[WhiteElo "1695"]
[BlackElo "1890"]
[PlyCount "104"]
[EventDate "2008.09.05"]
[EventType "swiss"]
[EventRounds "6"]
[EventCountry "ITA"]
[SourceTitle "EXT 2011"]
[Source "ChessBase"]
[SourceDate "2010.11.26"]
[SourceVersion "1"]
[SourceVersionDate "2010.11.26"]
[SourceQuality "1"]

1. e4 c5 2. Nf3 d6 3. d4 cxd4 4. Nxd4 Nf6 5. Nc3 g6 6. Bc4 Bg7 7. Be3 0-0 8. f3 Nc6 9. Qd2 Bd7 10. 0-0-0 Rc8 11. Bb3 Ne5 12. g4 h5 13. gxh5 Nxh5 14. Bh6 Nc4 15. Bxc4 Rxc4 16. Bxg7 Kxg7 17. Rhg1 Nf6 18. Qd3 Rc5 19. Nf5+ Bxf5 20. exf5 Qe8 21. f4 Rh8 22. fxg6 fxg6 23. f5 Rh6 24. Rde1 b5 25. Rxg6+ Rxg6 26. fxg6 b4 27. Ne2 Qxg6 28. Nf4 Qxd3 29. Nxd3 Rc7 30. Nxb4 a5 31. Nd3 Kf7 32. b3 Rc8 33. Nf4 Rh8 34. h3 e5 35. Nd3 Rxh3 36. Nxe5+ dxe5 37. Rxe5 Rh5 38. Rxh5 Nxh5 39. Kb2 a4 40. b4 Nf4 41. Ka3 Ke7 42. Kxa4 Kd7 43. Kb5 Nd5 44. Kc5 Nc3 45. Kc4 Na4 46. Kd4 Kc6 47. c4 Kd6 48. b5 Nc5 49. Kc3 Kc7 50. Kb4 Kb6 51. a4 Nd3+ 52. Kb3 Nc5+ 1/2-1/2